000 01590cam a2200241 4500
001 WB@3612-240
008 040722n2004 000 0 eng u
035 _a(Sirsi) u126913
245 _aSpending review
260 _c2004
490 _aInside Housing
_v(21) 28, 16 July 2004 (1)
490 _aPlanning (for the Natural and Built Environment)
_v16 July 2004 (1)
490 _aRICS News Service
_v16 July 2004 (1)
520 _aThe Chancellor of the Exchequer has announced details of the government's Comprehensive Spending Review - "Stability, security and opportunity for all: investing for Britain's long-term future". Included were announcements of £425m for the planning delivery grant in the three years up to 2007-08, which extends the original three-year lifespan of the grant. Overall spending on ODPM programmes is due to increase by 3.3% a year on average, in real terms to £8.4bn in 2007/08. The government also plans to increase by 50% the number of social rented homes, taking the figure to 10 000 annually. There was also a £200m community infrastructure fund, administered by the Dft. Full details of all of these and much more can be found at: http://www.hm-treasury.gov.uk/spending_review/spen d_sr04/spend_sr04_index.cfm. http://www.rics.org/ricscms/bin/show?class=News&te mplate=/includes/shownews.html&id=9456&faculty=RIC S
590 _aWB
590 _aWB
650 _aCOMPREHENSIVE SPENDING REVIEW
650 _aGOVERNMENT SPENDING
650 _aHOUSING DEMAND
650 _aSUSTAINABLE COMMUNITIES
690 _aECONOMIC ISSUES
942 _n0
999 _c117761
_d117761